<?xml version="1.0" encoding="UTF-8"?>
<collection xmlns="http://www.loc.gov/MARC21/slim">
  <record>
    <leader>00000nam  2200000   4500</leader>
    <controlfield tag="001">INLIS000000000000841</controlfield>
    <controlfield tag="005">20180724140358</controlfield>
    <controlfield tag="008">180724|||||||||   |   |||   |||| ||   | </controlfield>
    <datafield tag="035" ind1=" " ind2=" ">
      <subfield code="0">010-0718000841</subfield>
    </datafield>
    <datafield tag="041" ind1=" " ind2=" ">
      <subfield code="a">id</subfield>
    </datafield>
    <datafield tag="082" ind1=" " ind2=" ">
      <subfield code="a">055</subfield>
    </datafield>
    <datafield tag="090" ind1=" " ind2=" ">
      <subfield code="a">R 055 PIM I 2015</subfield>
    </datafield>
    <datafield tag="100" ind1=" " ind2=" ">
      <subfield code="a">Budhiniar, Ekotrio</subfield>
    </datafield>
    <datafield tag="245" ind1=" " ind2=" ">
      <subfield code="a">Penyelenggaraan Diklat ASN  Pola Baru Melalui "SIPOLIN" di Pusdikmin Polri  (sistem Informasi Pusdikmin Online)</subfield>
    </datafield>
    <datafield tag="260" ind1=" " ind2=" ">
      <subfield code="a">Jakarta</subfield>
      <subfield code="b">LAN Jakarta</subfield>
      <subfield code="c">2015</subfield>
    </datafield>
    <datafield tag="300" ind1=" " ind2=" ">
      <subfield code="a">37 hlm.; lamp</subfield>
    </datafield>
    <datafield tag="500" ind1=" " ind2=" ">
      <subfield code="a">Implementasi Sistem Informasi Pusdikmin Online di Lingkungan Pusdikmin Lemdiklat Polri bertujuan untuk mengatasi keterbatasan system Diklat ASN pola baru pada saat off campus telah berhasil dilaksanakan, hal tersebut dapat dilihat dari aplikasi yang telah dikembangkan penyelenggara Diklat dapat melakukan kontrol terhadap progress Proyek Perubahan setiap Peserta Diklat.</subfield>
    </datafield>
    <datafield tag="650" ind1=" " ind2=" ">
      <subfield code="a">Pendidikan dan Pelatihan ASN</subfield>
    </datafield>
  </record>
</collection>
